Statistics for management / (Record no. 229)
[ view plain ]
| 000 -LEADER | |
|---|---|
| fixed length control field | 01373pam a2200265 a 4500 |
| 001 - CONTROL NUMBER | |
| control field | 3769091 |
| 005 - DATE AND TIME OF LATEST TRANSACTION | |
| control field | 20210414113855.0 |
| 008 - FIXED-LENGTH DATA ELEMENTS--GENERAL INFORMATION | |
| fixed length control field | 830822s1984 njua b 001 0 eng |
| 020 ## - INTERNATIONAL STANDARD BOOK NUMBER | |
| International Standard Book Number | 0138452482 |
| 040 ## - CATALOGING SOURCE | |
| Original cataloging agency | DLC |
| Transcribing agency | DLC |
| Modifying agency | DLC |
| 050 00 - LIBRARY OF CONGRESS CALL NUMBER | |
| Classification number | HA29.L3887 |
| 100 1# - MAIN ENTRY--PERSONAL NAME | |
| Personal name | Levin, Richard I. |
| 245 10 - TITLE STATEMENT | |
| Title | Statistics for management / |
| Statement of responsibility, etc. | Richard I. Levin. |
| 250 ## - EDITION STATEMENT | |
| Edition statement | 3rd ed. |
| 260 ## - PUBLICATION, DISTRIBUTION, ETC. | |
| Place of publication, distribution, etc. | New Jersey: |
| Name of publisher, distributor, etc. | Prentice-Hall, |
| Date of publication, distribution, etc. | c1984. |
| 300 ## - PHYSICAL DESCRIPTION | |
| Extent | xi, 866 p. : |
| Other physical details | ill. (some col.) ; |
| Dimensions | 25 cm. |
| 440 #0 - SERIES STATEMENT/ADDED ENTRY--TITLE | |
| Title | P-H international series in management |
| 500 ## - GENERAL NOTE | |
| General note | Part of text and 1 index on lining papers. |
| 500 ## - GENERAL NOTE | |
| General note | Includes indexes. |
| 504 ## - BIBLIOGRAPHY, ETC. NOTE | |
| Bibliography, etc. note | Includes bibliographical references and index |
| 505 ## - FORMATTED CONTENTS NOTE | |
| Formatted contents note | Contents: Introduction -- Arranging data to convey meaning: Tables and graphs -- Summary measures of frequency distributions -- Measuring variability -- Probability 1: Introductory ideas -- Probability 2: Distributions -- Sampling and sampling distributions -- Estimation -- Testing hypotheses -- Chi-square and analysis of variance -- Simple regression and correlation -- Multiple regression and modeling techniques -- Nonparametric methods -- Time series -- Index numbers -- Decision theory -- Afterword -- Answers to chapter concepts tests. |
| 650 #0 - SUBJECT ADDED ENTRY--TOPICAL TERM | |
| Topical term or geographic name entry element | Social sciences |
| General subdivision | Statistical methods. |
| 906 ## - LOCAL DATA ELEMENT F, LDF (RLIN) | |
| a | 7 |
| b | cbc |
| c | orignew |
| d | 1 |
| e | ocip |
| f | 19 |
| g | y-gencatlg |
| 942 ## - ADDED ENTRY ELEMENTS (KOHA) | |
| Source of classification or shelving scheme | Library of Congress Classification |
| Koha item type | Books |
| Withdrawn status | Lost status | Source of classification or shelving scheme | Damaged status | Not for loan | Home library | Current library | Shelving location | Date acquired | Total Checkouts | Full call number | Barcode | Date last seen | Price effective from | Koha item type |
|---|---|---|---|---|---|---|---|---|---|---|---|---|---|---|
| Library of Congress Classification | WISCONSIN INTERNATIONAL UNIVERSITY COLLEGE, GHANA - MAIN LIBRARY | WISCONSIN INTERNATIONAL UNIVERSITY COLLEGE, GHANA - MAIN LIBRARY | General Stacks | 02/11/2011 | HA29.L3887 | 598/11 | 02/11/2011 | 02/11/2011 | Books |
